| 000 | 00476nam a22001817a 4500 | ||
|---|---|---|---|
| 003 | PILC | ||
| 005 | 20151021120833.0 | ||
| 008 | 130312t xxu||||| |||| 00| 0 eng d | ||
| 020 | _a9832584086 | ||
| 050 |
_aPZ 7 _b.T531 2006 |
||
| 082 |
_aCL 398.2 _bT413 2006 |
||
| 245 |
_aThe three Billy goats gruff _cedited by Bob Williams |
||
| 260 |
_aMalaysia _bKohwai & Young _c2006 |
||
| 300 |
_a16 p. _bcol. ill. _c26 cm. |
||
| 562 | _e1 | ||
| 942 |
_2lcc _cBK |
||
| 999 |
_c11788 _d11788 |
||